000 00553nam a2200193 a 4500
005 20210223120424.0
008 991125s1989 mx 000 0 spa u
020 _a9681632060
035 _aUPN01000000828
049 _aCG
050 4 _aHF5549
_bM3.38
100 1 _aMcFarland, Dalton E.
245 1 0 _aAdministración de personal :
_bteoría y práctica /
_cDalton E. McFarland ; tr. Carlos Sierra.
260 _aMéxico :
_bFCE,
_c1989.
300 _a823 p.
440 0 _aTextos de economía
650 4 _aPERSONAL -
_xDIRECCION
_911025
905 _aLibro
999 _c828
_d828